Heisman Trophy Finalists By Year (2000-2023) - Statistics

General Stats
  • This quiz has been taken 397 times
    339 since last reset
  • The average score is 37 of 69
Answer Stats
Year Answer Position - School % Correct
2017 Baker Mayfield QB - Oklahoma
76%
2015 Derrick Henry RB - Alabama
76%
2014 Marcus Mariota QB - Oregon
76%
2016 Lamar Jackson QB - Louisville
75%
2013 Jameis Winston QB - Florida St.
74%
2019 Joe Burrow QB - LSU
74%
2018 Kyler Murray QB - Oklahoma
74%
Lamar Jackson QB - Louisville
74%
2012 Johnny Manziel QB - Texas A&M
73%
Deshaun Watson QB - Clemson
72%
Baker Mayfield QB - Oklahoma
71%
Deshaun Watson QB - Clemson
71%
Trevor Lawrence QB - Clemson
71%
2022 Caleb Williams QB - Southern Cal
69%
CJ Stroud QB - Ohio St.
69%
2020 DeVonta Smith WR - Alabama
69%
Kenny Pickett QB - Pittsburgh
69%
2011 Robert Griffin III QB - Baylor
69%
2021 Bryce Young QB - Alabama
68%
2010 Cam Newton QB - Auburn
68%
Jalen Hurts QB - Oklahoma
67%
Max Duggan QB - TCU
67%
Christian McCaffrey RB - Stanford
66%
Aidan Hutchinson DE - Michigan
65%
Tua Tagovailoa QB - Alabama
65%
Andrew Luck QB - Stanford
64%
Justin Fields QB - Ohio St.
63%
Mac Jones QB - Alabama
63%
2007 Tim Tebow QB - Florida
63%
2009 Mark Ingram RB - Alabama
62%
Manti Te'o LB - Notre Dame
61%
2008 Sam Bradford QB - Oklahoma
61%
Andrew Luck QB - Stanford
60%
Tim Tebow QB - Florida
59%
Melvin Gordon RB - Wisconsin
56%
2005 Reggie Bush RB - Southern Cal
56%
Vince Young QB - Texas
55%
Dwayne Haskins QB - Ohio St.
53%
AJ McCarron QB - Alabama
52%
Amari Cooper WR - Alabama
51%
Bryce Love RB - Stanford
51%
Colt McCoy QB - Texas
51%
Colt McCoy QB - Texas
50%
2004 Matt Leinart QB - Southern Cal
50%
Matt Leinart QB - Southern Cal
49%
Darren McFadden RB - Arkansas
47%
Adrian Peterson RB - Oklahoma
45%
Darren McFadden RB - Arkansas
45%
Drew Brees QB - Purdue
45%
2002 Carson Palmer QB - Southern Cal
44%
Larry Fitzgerald WR - Pittsburgh
44%
2006 Troy Smith QB - Ohio St.
43%
2000 Chris Weinke QB - Florida St.
42%
Brady Quinn QB - Notre Dame
40%
Colt Brennan QB - Hawaii
40%
Eli Manning QB - Ole Miss
40%
Trent Richardson RB - Alabama
38%
2003 Jason White QB - Oklahoma
37%
LaMichael James RB - Oregon
36%
2001 Eric Crouch QB - Nebraska
34%
Collin Klein QB - Kansas St.
32%
Toby Gerhart RB - Stanford
32%
Jason White QB - Oklahoma
30%
Jordan Lynch QB - Northern Illinois
25%
Ken Dorsey QB - Miami
20%
Rex Grossman QB - Florida
19%
Josh Heupel QB - Oklahoma
18%
Brad Banks QB - Iowa
9%
Larry Johnson RB - Penn St.
9%
No matching quizzes found
Score Distribution
Percent of People with Each Score
Percentile by Number Answered
Your Score History
You have not taken this quiz since the last reset